000
00338nam a2200133Ia 4500
008
240624s9999 xx 000 0 und d
041
_a
eng
082
_a
650.14 BIR
100
_a
BLANK PAULA
245
_a
JOB SEARCH CHECKLIST EVERYTHING YOU NEED
260
_c
2014
_a
New York
_b
Amacom
300
_a
viii, 264 p.; 23 cm.
365
_c
_b
38
999
_c
30684
_d
30684